00657nam a2200205Ia 4500003000900000008004100009040001300050040001300063041000800076100001800084245006700102260001200169260000900181300001000190490000700200700001800207942000700225999001700232952020200249IT-RoPAU120407s9999 xx 000 0 und d aIT-RoPAU cIT-RoPAU afra aPierre Benoit a"Synopse des quatre évangiles en francais Genesi letteraria" aDu Cerf c1977 c28 cm v23 aM.E. Boismard cBK c23139d23139 00102ddc406220_500000000000000_1171aPAULUSbPAULUSd2012-04-11l0o220.5.11r2012-04-11 00:00:00w2012-04-11yBKzInserito da: Carla In data: 24 ottobre 2011 fondo: Via A.Severo 56 Progr:34364